[Event "Albacete op 13th"]
[Site "Albacete"]
[Date "2005.09.04"]
[Round "5"]
[White "Delgado Alarcon, Jesus Francisco"]
[Black "Trabazos, Javier"]
[Result "1/2-1/2"]
[WhiteElo "2073"]
[BlackElo "1862"]
[PlyCount "52"]
[EventDate "2005.09.01"]
[EventType "swiss"]
[EventRounds "9"]
[EventCountry "ESP"]
[SourceTitle "CBM 108 Extra"]
[Source "ChessBase"]
[SourceDate "2005.11.04"]
[SourceVersion "1"]
[SourceVersionDate "2005.11.04"]
[SourceQuality "1"]

1. d4 d5 2. c4 e6 3. Nc3 c5 4. e3 Nf6 5. Nf3 Nc6 6. a3 cxd4 7. exd4 dxc4 8. Bxc4 Be7 9. 0-0 0-0 10. b4 a6 11. Bb3 b5 12. d5 exd5 13. Nxd5 Nxd5 14. Bxd5 Bb7 15. Bf4 Na5 16. Bxb7 Nxb7 17. Qb3 Qb6 18. Rac1 Rac8 19. Ne5 Rxc1 20. Rxc1 Qd4 21. Bg3 Bd6 22. Nf3 Qf6 23. Qd5 Bxg3 24. hxg3 Nd8 25. Rc8 Ne6 26. Rxf8+ Nxf8 1/2-1/2

[Event "Albacete op 13th"]
[Site "Albacete"]
[Date "2005.09.02"]
[Round "3"]
[White "Larios Crespo, Manuel"]
[Black "Trabazos, Javier"]
[Result "1-0"]
[WhiteElo "2108"]
[BlackElo "1862"]
[PlyCount "87"]
[EventDate "2005.09.01"]
[EventType "swiss"]
[EventRounds "9"]
[EventCountry "ESP"]
[SourceTitle "CBM 108 Extra"]
[Source "ChessBase"]
[SourceDate "2005.11.04"]
[SourceVersion "1"]
[SourceVersionDate "2005.11.04"]
[SourceQuality "1"]

1. e4 d5 2. exd5 Nf6 3. Bb5+ Bd7 4. Bc4 Bg4 5. f3 Bf5 6. Nc3 Nbd7 7. d4 Nb6 8. Bb3 Nfxd5 9. Nxd5 Nxd5 10. Ne2 e6 11. 0-0 Be7 12. Ng3 Bg6 13. f4 0-0 14. c4 Nb6 15. Be3 c6 16. Qd2 Qd7 17. a4 a5 18. d5 Bb4 19. Qf2 Nc8 20. Rad1 Qe7 21. dxe6 fxe6 22. c5 Kh8 23. Bd4 Na7 24. Qe3 Rad8 25. f5 Rxd4 26. Rxd4 Bxc5 27. fxg6 Rxf1+ 28. Nxf1 e5 29. Rd8+ Qxd8 30. Qxc5 Qd4+ 31. Qxd4 exd4 32. gxh7 Kxh7 33. Nd2 b5 34. Kf2 Kg6 35. Ke2 Kf5 36. Kd3 c5 37. axb5 Nxb5 38. Kc4 Nd6+ 39. Kxc5 Ne4+ 40. Nxe4 Kxe4 41. Kb5 g5 42. Kxa5 Ke3 43. Bd1 g4 44. Bxg4 1-0